South Asian Geography By Letter - M - Statistics

General Stats
  • This quiz has been taken 163 times
  • The average score is 8 of 18
Answer Stats
Hint Answer % Correct
Wealthiest city in India Mumbai
99%
Tropical rainy season in India Monsoon
88%
Asia's smallest country Maldives
87%
Capital of the above Malé
78%
Colonial name of Chennai Madras
62%
The Sundarbans are made up of this kind of coastal forest Mangrove
53%
Main language of that state Marathi
46%
That city's state Maharashtra
45%
What Nepal abolished in 2008 Monarchy
45%
India's "Central Province" Madhya Pradesh
37%
Official language of Kerala Malayalam
33%
Pakistan's "City of Saints" Multan
33%
States that are located in theNortheastern part of India (name any of the three) Manipur / Meghalaya / Mizoram
30%
Major city in northern Afghanistan {Mazar}-i-Sharif
30%
National anthem of India: Jana Gana ____ Mana
29%
Karnataka's main seaport (hint: think of the state's largest city) Mangalore
23%
Gulf between India and Sri Lanka Gulf of {Mannar}
13%
Desert region in southern Afghanistan (hint: a shorter form of "Margaret") Dasht-e {Margo}
12%
No matching quizzes found
Score Distribution
Percent of People with Each Score
Percentile by Number Answered
Your Score History
You have not taken this quiz